Corporate finance -(E-BOOK) (Record no. 192775)
[ view plain ]
| 000 -LEADER | |
|---|---|
| fixed length control field | 01335 a2200301 4500 |
| 003 - CONTROL NUMBER IDENTIFIER | |
| control field | Nust |
| 005 - DATE AND TIME OF LATEST TRANSACTION | |
| control field | 20170207154044.0 |
| 010 ## - LIBRARY OF CONGRESS CONTROL NUMBER | |
| LC control number | 2005298376 |
| 020 ## - INTERNATIONAL STANDARD BOOK NUMBER | |
| International Standard Book Number | 0470092254 (pbk.) |
| 024 3# - OTHER STANDARD IDENTIFIER | |
| Standard number or code | 9780470092255 (pbk.) |
| 035 ## - SYSTEM CONTROL NUMBER | |
| System control number | (OCoLC)ocm56654188 |
| 040 ## - CATALOGING SOURCE | |
| Transcribing agency | Nust |
| 082 04 - DEWEY DECIMAL CLASSIFICATION NUMBER | |
| Classification number | 658.1'5 |
| 100 1# - MAIN ENTRY--PERSONAL NAME | |
| Personal name | Vernimmen, Pierre. |
| 245 10 - TITLE STATEMENT | |
| Title | Corporate finance -(E-BOOK) |
| Statement of responsibility, etc. | Pierre Vernimmen ; Pascal Quiry ... [et al.]. |
| 260 ## - PUBLICATION, DISTRIBUTION, ETC. | |
| Place of publication, distribution, etc. | Chichester ; |
| -- | Hoboken, NJ : |
| Name of publisher, distributor, etc. | Wiley, |
| Date of publication, distribution, etc. | c2005. |
| 300 ## - PHYSICAL DESCRIPTION | |
| Extent | xxiv, 1030 p. : |
| Other physical details | ill. ; |
| Dimensions | 25 cm. |
| 500 ## - GENERAL NOTE | |
| General note | Adapted and updated from the original French, first published as "Finance d'entreprise" by Ⅴitions Dalloz, Paris, 1994. |
| 505 ## - FORMATTED CONTENTS NOTE | |
| Formatted contents note | Financial Analysis (Page-15), Section II Investment Analysis (Page-259), Section III Corporate Financial Policies (Page-473), Section IV Financial Management (Page-809). |
| 650 #0 - SUBJECT ADDED ENTRY--TOPICAL TERM | |
| Topical term or geographic name entry element | Business enterprises |
| General subdivision | Finance. |
| 650 #0 - SUBJECT ADDED ENTRY--TOPICAL TERM | |
| Topical term or geographic name entry element | Corporations |
| General subdivision | Finance. |
| 651 ## - SUBJECT ADDED ENTRY--GEOGRAPHIC NAME | |
| Geographic name | E-BOOK |
| 700 1# - ADDED ENTRY--PERSONAL NAME | |
| Personal name | Quiry, Pascal. |
| 700 1# - ADDED ENTRY--PERSONAL NAME | |
| Personal name | Vernimmen, Pierre. |
| 856 42 - ELECTRONIC LOCATION AND ACCESS | |
| Materials specified | Contributor biographical information |
| Uniform Resource Identifier | <a href="http://www.loc.gov/catdir/enhancements/fy0627/2005298376-b.html">http://www.loc.gov/catdir/enhancements/fy0627/2005298376-b.html</a> |
| 856 42 - ELECTRONIC LOCATION AND ACCESS | |
| Materials specified | Publisher description |
| Uniform Resource Identifier | <a href="http://www.loc.gov/catdir/enhancements/fy0627/2005298376-d.html">http://www.loc.gov/catdir/enhancements/fy0627/2005298376-d.html</a> |
| 856 42 - ELECTRONIC LOCATION AND ACCESS | |
| Materials specified | Table of contents only |
| Uniform Resource Identifier | <a href="http://www.loc.gov/catdir/enhancements/fy0627/2005298376-t.html">http://www.loc.gov/catdir/enhancements/fy0627/2005298376-t.html</a> |
| 942 ## - ADDED ENTRY ELEMENTS (KOHA) | |
| Source of classification or shelving scheme | |
| Koha item type | Book |
| Withdrawn status | Lost status | Source of classification or shelving scheme | Damaged status | Not for loan | Collection code | Permanent Location | Current Location | Date acquired | Total Checkouts | Full call number | Barcode | Date last seen | Price effective from | Koha item type |
|---|---|---|---|---|---|---|---|---|---|---|---|---|---|---|
| Military College of Signals (MCS) | Military College of Signals (MCS) | 12/12/2016 | 658.15 VER | MCSEB-2297 | 12/08/2016 | 12/12/2016 | Book |
